No longer at ease (Record no. 1424)

000 -LEADER
fixed length control field 00390nam a22001577a 4500
003 - CONTROL NUMBER IDENTIFIER
control field OSt
005 - DATE AND TIME OF LATEST TRANSACTION
control field 20141028075951.0
008 - FIXED-LENGTH DATA ELEMENTS--GENERAL INFORMATION
fixed length control field 141028b xxu||||| |||| 00| 0 eng d
020 ## - INTERNATIONAL STANDARD BOOK NUMBER
International Standard Book Number 9780385474559
050 ## - LIBRARY OF CONGRESS CALL NUMBER
Classification number PR 9387.9.A25N6 1994
100 ## - MAIN ENTRY--PERSONAL NAME
Personal name Achebe, Chinua
245 ## - TITLE STATEMENT
Title No longer at ease
Statement of responsibility, etc Chinua Achebe.
260 ## - PUBLICATION, DISTRIBUTION, ETC. (IMPRINT)
Place of publication, distribution, etc New York
Name of publisher, distributor, etc Anchor Books
Date of publication, distribution, etc 1994
300 ## - PHYSICAL DESCRIPTION
Extent 194p.
942 ## - ADDED ENTRY ELEMENTS (KOHA)
Source of classification or shelving scheme
Koha item type Book
Holdings
Withdrawn status Lost status Source of classification or shelving scheme Damaged status Not for loan Home library Current library Shelving location Date acquired Total Checkouts Total Renewals Full call number Barcode Date last seen Date checked out Copy number Price effective from Koha item type
          Riara University Library Riara University Library General stack 28/10/2014 23 5 PR 9387.9.A25N6 1994 4983/14 21/11/2022 16/11/2022 C.1 28/10/2014 Book

Riara University Library,
P.O. Box 49940-00100,
Nairobi, Kenya.